Sports Quiz

Random Sports or Baseball Quiz

MLB All-Star Right Fielders (AL) Quiz Stats

 Plays Quiz Updated Jul 14, 2021

Support Sporcle.
Go Orange.
Score 0/91 Timer 10:00
2 Plays Today
Year Player % Correct
2002Ichiro Suzuki
89.8%
2003Ichiro Suzuki
89.8%
2006Ichiro Suzuki
89.8%
2008Ichiro Suzuki
89.8%
2009Ichiro Suzuki
89.8%
2010Ichiro Suzuki
88.7%
2012Jose Bautista
87.3%
2013Jose Bautista
87.3%
2014Jose Bautista
86.3%
2021Aaron Judge
85.8%
2011Jose Bautista
85.6%
2018Mookie Betts
84.9%
2017Aaron Judge
82.9%
1972Reggie Jackson
80.9%
1973Reggie Jackson
80.9%
1974Reggie Jackson
80.9%
1975Reggie Jackson
80.9%
1977Reggie Jackson
80.9%
1980Reggie Jackson
80.9%
1981Reggie Jackson
80.9%
1982Reggie Jackson
80.9%
1984Reggie Jackson
80.9%
2016Mookie Betts
78.2%
1962 (1)Mickey Mantle
75.4%
2019George Springer
73.7%
1994Kirby Puckett
73.1%
1995Kirby Puckett
73.1%
1933Babe Ruth
71.9%
1934Babe Ruth
71.9%
1936Joe DiMaggio
70.8%
1938Joe DiMaggio
70.8%
Year Player % Correct
1937Joe DiMaggio
70.8%
1949Dom DiMaggio
70.5%
1961 (1)Roger Maris
69.8%
1959 (2)Roger Maris
69.8%
1960 (1)Roger Maris
69.8%
1960 (2)Roger Maris
69.8%
2004Vladimir Guerrero
69.4%
2005Vladimir Guerrero
69.4%
2007Vladimir Guerrero
69.4%
1990Jose Canseco
68.9%
1992Joe Carter
68.7%
1993Joe Carter
68.7%
1955Al Kaline
65.2%
1956Al Kaline
65.2%
1957Al Kaline
65.2%
1963Al Kaline
65.2%
1961 (2)Al Kaline
65.2%
1969Frank Robinson
63.3%
1970Frank Robinson
63.3%
1971Frank Robinson
63.3%
1998Juan Gonzalez
61.8%
2001Juan Gonzalez
61.8%
1996Brady Anderson
61.3%
1991Dave Henderson
58.4%
1983Dave Winfield
58.3%
1985Dave Winfield
58.3%
1986Dave Winfield
58.3%
1987Dave Winfield
58.3%
1988Dave Winfield
58.3%
1999Manny Ramirez
57.1%
1997Paul O'Neill
56.7%
Year Player % Correct
1979Jim Rice
55.2%
2015Lorenzo Cain
48.2%
1968Frank Howard
34.6%
1964Tony Oliva
31.3%
1966Tony Oliva
31.3%
2000Jermaine Dye
31.1%
1959 (1)Rocky Colavito
28.5%
1962 (2)Rocky Colavito
28.5%
1965Rocky Colavito
28.5%
1989Ruben Sierra
28.2%
1967Tony Conigliaro
19%
1952Hank Bauer
16.4%
1954Hank Bauer
16.4%
1953Hank Bauer
16.4%
1958Jackie Jensen
13.7%
1940Charlie Keller
12.1%
1946Charlie Keller
12.1%
1942Tommy Henrich
10.9%
1976Rusty Staub
10.4%
1978Richie Zisk
8.1%
1951Vic Wertz
5.8%
1950Hoot Evers
4.1%
1947Buddy Lewis
4%
1943George Case
3.5%
1944Stan Spence
3.1%
1939Doc Cramer
3.1%
1935Joe Vosmik
3.1%
1941Jeff Heath
2.9%
1948Pat Mullin
2.4%

You're not logged in!

Compare scores with friends on all Sporcle quizzes.
OR
Log In
Forgot?

From the Vault

Who's That With Martin Luther King, Jr.?

by william2

The legacy of Dr. Martin Luther King, Jr. lives on.
Remove Ads.
Support Sporcle.
Get the best of Sporcle when you Go Orange. This ad-free experience offers more features, more stats, and more fun while also helping to support Sporcle. Thank you for becoming a member.

Show Comments

Extras

Top Quizzes Today


Score Distribution

Your Account Isn't Verified!

In order to create a playlist on Sporcle, you need to verify the email address you used during registration. Go to your Sporcle Settings to finish the process.

Report this User

Report this user for behavior that violates our Community Guidelines.

Details: